Statistics for Biggest Desert by Continent

Click here to take the quiz!

General Stats

  • This quiz has been taken 258 times
  • The average score is 2 of 6

Answer Stats

Area (km)Area (mi)ContinentDesert% Correct
9.4 mil3.629 milAfricaSahara
100%
2.33 mil899,600AsiaArabian
43%
348,750134,653OceaniaGreat Victoria
21%
670,000258,688South AmericaPatagonian
16%
362,600140,001North AmericaChihuahuan
14%
280108.1EuropeTabernas
12%

Score Distribution

Percentile by Number Answered

Percent of People with Each Score

Your Score History

You have not taken this quiz